Biomechanics and exercise physiology : (رقم التسجيلة. 79382)

تفاصيل مارك
000 -الفاتح
حقل البيانات ثابتة الطول 01751cam a22004454a 4500
001 - رقم الضبط
رقم الضبط 14478972
003 - محدد رقم الضبط
رقم الضبط OSt
005 - وقت وتاريخ اخر تعامل مع التسجيلة
رقم الضبط 20210304170656.0
008 - عناصر البيانات ثابتة الطول - معلومات عامة
حقل البيانات ثابتة الطول 060731s2007 flua b 001 0 eng
010 ## - رقم ضبط مكتبة الكونجرس
رقم ضبط مكتبة الكونجرس 2006025277
015 ## - رقم الببليوجرافية الوطنية
رقم الببليوجرافية الوطنية GBA694596
المصدر bnb
016 7# - رقم ضبط الوكاله الوطنية للضبط الببليوجرافي
رقم ضبط التسجيلة 101283847
المصدر DNLM
016 7# - رقم ضبط الوكاله الوطنية للضبط الببليوجرافي
رقم ضبط التسجيلة 013596320
المصدر Uk
020 ## - الرقم الدولى المعيارى للكتب
الرقم الدولى المعيارى للكتاب 1574449060 (hardcover : alk. paper)
020 ## - الرقم الدولى المعيارى للكتب
الرقم الدولى المعيارى للكتاب 9781574449068 (hardcover : alk. paper)
035 ## - رقم ضبط النظام
رقم ضبط النظام (OCoLC)ocm70829737
035 ## - رقم ضبط النظام
رقم ضبط النظام (OCoLC)70829737
040 ## - مصدر الفهرسة
وكالة الفهرسة الأصلية DNLM/DLC
وكالة النسخ DLC
وكالة التعديل NLM
-- BAKER
-- UKM
-- C#P
-- YDXCP
-- BTCTA
-- DLC
042 ## - رمز التحقق
رمز التحقق pcc
050 00 - رقم طلب مكتبة الكونجرس
رقم التصنيف QP301
رقم المادة .J57 2007
060 00 - رقم الطلب بالمكتبة الطبية الوطنية
رقم التصنيف 2007 E-162
060 10 - رقم الطلب بالمكتبة الطبية الوطنية
رقم التصنيف WE 103
رقم المادة J66b 2007
082 00 - رقم تصنيف ديوى العشرى
رقم التصنيف 612.04
رقم الطبعة 22
رقم المادة JAB
100 1# - المدخل الرئيسى - إسم شخصى
الإسم الشخصى Johnson, Arthur T.
الشكل الأكمل للاسم (Arthur Thomas),
التواريخ المصاحبة للاسم 1941-
9 (RLIN) 88205
245 10 - بيان العنوان
العنوان Biomechanics and exercise physiology :
بقية العنوان quantitative modeling /
بيان المسئوليه,etc Arthur T. Johnson.
250 ## - بيان الطبعة
بيان الطبعة [2nd ed.].
260 ## - PUBLICATION, DISTRIBUTION, ETC. (IMPRINT)
مكان الناشر او الموزع Boca Raton :
اسم الناشر او الموزع CRC Press,
تاريخ النشر أو التوزيع c2007.
300 ## - الوصف المادى
التعداد 663 p. :
تفاصيل ماديه اخرى للوعاء ill. ;
أبعاد الوعاء 27 cm.
504 ## - تبصرة ببليوجرافية
تبصرة ببليوجرافية,الخ Includes bibliographical references and index.
505 0# - تبصرة محتويات-الفهرس
تبصرة المحتويات المصاغة Exercise limitations -- Exercise biomechanics -- Cardiovascular responses -- Respiratory responses -- Thermal responses.
650 #0 - المدخل الاضافى بالموضوع-مصطلح موضوعى
مصطلح موضوعي أو اسم جغرافي كعنصر مدخل Exercise
التقسيم الفرعي العام Physiological aspects.
9 (RLIN) 88206
650 #0 - المدخل الاضافى بالموضوع-مصطلح موضوعى
مصطلح موضوعي أو اسم جغرافي كعنصر مدخل Biomechanics.
9 (RLIN) 88207
650 12 - المدخل الاضافى بالموضوع-مصطلح موضوعى
مصطلح موضوعي أو اسم جغرافي كعنصر مدخل Biomechanics.
9 (RLIN) 88207
650 22 - المدخل الاضافى بالموضوع-مصطلح موضوعى
مصطلح موضوعي أو اسم جغرافي كعنصر مدخل Exercise
التقسيم الفرعي العام physiology.
9 (RLIN) 19563
856 41 - الوصول و الموقع الالكترونى
مواد محددة Table of contents only
معرف المصدر الموحد <a href="http://www.loc.gov/catdir/toc/ecip0618/2006025277.html">http://www.loc.gov/catdir/toc/ecip0618/2006025277.html</a>
856 42 - الوصول و الموقع الالكترونى
مواد محددة Publisher description
معرف المصدر الموحد <a href="http://www.loc.gov/catdir/enhancements/fy0668/2006025277-d.html">http://www.loc.gov/catdir/enhancements/fy0668/2006025277-d.html</a>
906 ## - عنصر بيانات محلى F, LDF (RLIN)
a 7
b cbc
c orignew
d 1
e ecip
f 20
g y-gencatlg
942 ## - عناصر المدخل الإضافي( كوها)
مصدر التصنيف او مخطط الترفيف Dewey Decimal Classification
Koha [default] item type كتاب
المقتنيات
حالة الفقد نموذج السعر الفعال حالة تلف ليس للاعارة رقم الطلب تاريخ الاكتساب الموقع الحالي الباركود الفرع الرئيسي Date last seen نوع المادة فى نظام كوها مصدر التصنيف او خطة الترفيف Total Checkouts
  2021-03-04     612.04 JAB 2021-03-04 المكتبة المركزية بالمجمعة (CL) 00167046 المكتبة المركزية بالمجمعة (CL) 2021-03-04 كتاب Dewey Decimal Classification  
  2021-03-04     612.04 JAB 2021-03-04 المكتبة المركزية بالمجمعة (CL) 00167047 المكتبة المركزية بالمجمعة (CL) 2021-03-04 كتاب Dewey Decimal Classification  
  2021-03-04     612.04 JAB 2021-03-04 المكتبة المركزية بالمجمعة (CL) 00167048 المكتبة المركزية بالمجمعة (CL) 2021-03-04 كتاب Dewey Decimal Classification  
  2021-03-04     612.04 JAB 2021-03-04 مكتبة كلية العلوم الطبية التطبيقية بالمجمعة - طالبات (AMF) 00167135 مكتبة كلية العلوم الطبية التطبيقية بالمجمعة - طالبات (AMF) 2021-03-04 كتاب Dewey Decimal Classification  
  2021-03-04     612.04 JAB 2021-03-04 مكتبة كلية العلوم الطبية التطبيقية بالمجمعة - طالبات (AMF) 00167136 مكتبة كلية العلوم الطبية التطبيقية بالمجمعة - طالبات (AMF) 2021-03-04 كتاب Dewey Decimal Classification  
  2021-03-04     612.04 JAB 2021-03-04 مكتبة مجمع الكليات بالزلفى - طلاب (SZM) 00167137 مكتبة مجمع الكليات بالزلفى - طلاب (SZM) 2021-03-04 كتاب Dewey Decimal Classification  
  2021-03-04     612.04 JAB 2021-03-04 مكتبة مجمع الكليات بالزلفى - طلاب (SZM) 00167138 مكتبة مجمع الكليات بالزلفى - طلاب (SZM) 2021-03-04 كتاب Dewey Decimal Classification